Things found...at the Cinema! - Statistics

General Stats
  • This quiz has been taken 113 times
    76 since last reset
  • The average score is 6 of 15
Answer Stats
Hint Answer % Correct
P Popcorn
98%
M Movies
81%
S Seats
73%
S Screen
68%
T Tickets
59%
P People
41%
S Snacks
40%
P Projector
32%
T Trailers
32%
I Ice Cream
24%
A Aisles
17%
R Rows
14%
C Curtains
13%
B Box Office
10%
F Foyer (lobby)
6%
No matching quizzes found
Score Distribution
Percent of People with Each Score
Percentile by Number Answered
Your Score History
You have not taken this quiz since the last reset